Informe estadístico, año 1970

Shranjeno v:
Bibliografske podrobnosti
Korporativna značnica: Patronato Nacional de la Infancia (Costa Rica)
Format: Texto
Izdano: San José: PANI. Ofic. de Estadística
Oznake: Označite
Brez oznak, prvi označite!

MARC

LEADER 00000 a a2200000 04500
001 17853
003
040
090 |a 005600  
110 |a Patronato Nacional de la Infancia (Costa Rica)  
245 |a Informe estadístico, año 1970  
260 |a San José:   |b PANI. Ofic. de Estadística  
300 |a 57 p.  
999 |c 11218  |d 11218